[Event "LUX-ch U18"]
[Site "Bonnevoie"]
[Date "2000.02.28"]
[Round "3"]
[White "Weber, Philippe"]
[Black "Biwer, Joel"]
[Result "0-1"]
[WhiteElo "1681"]
[BlackElo "1891"]
[PlyCount "78"]
[EventDate "2000.02.26"]
[EventType "swiss"]
[EventRounds "7"]
[EventCountry "LUX"]
[SourceTitle "EXT 2005"]
[Source "ChessBase"]
[SourceDate "2004.11.15"]
[SourceVersion "1"]
[SourceVersionDate "2004.11.15"]
[SourceQuality "1"]

1. e4 e6 2. d4 d5 3. Nc3 Nf6 4. Bg5 Be7 5. e5 Nfd7 6. Bxe7 Qxe7 7. f4 a6 8. Nf3 c5 9. Qd2 Nc6 10. 0-0-0 c4 11. g4 b5 12. Kb1 Nb6 13. Qc1 b4 14. Ne2 Rb8 15. Ng3 Na4 16. f5 Nc3+ 17. bxc3 bxc3+ 18. Ka1 Rb2 19. Ne2 Qa3 20. Nxc3 Qxc3 21. Qxb2 Qxf3 22. Bxc4 dxc4 23. fxe6 Bxe6 24. Rhf1 Qd5 25. g5 0-0 26. c3 g6 27. h4 Qa5 28. h5 Bg4 29. Rde1 Bxh5 30. Rf6 Nxd4 31. Ref1 Nf5 32. e6 fxe6 33. Rxf8+ Kxf8 34. Qb8+ Ke7 35. Qb7+ Kd8 36. Rd1+ Bxd1 37. Qb8+ Kd7 38. Qb7+ Qc7 39. Qxc7+ Kxc7 0-1

[Event "Luxembourg-ch"]
[Site "Luxembourg"]
[Date "1999.04.07"]
[Round "5"]
[White "Wolff, Serge"]
[Black "Biwer, Joel"]
[Result "0-1"]
[WhiteElo "2042"]
[BlackElo "1840"]
[PlyCount "94"]
[EventDate "1999.04.03"]
[EventType "swiss"]
[EventRounds "9"]
[EventCountry "LUX"]
[SourceTitle "EXT 2005"]
[Source "ChessBase"]
[SourceDate "2004.11.15"]
[SourceVersion "1"]
[SourceVersionDate "2004.11.15"]
[SourceQuality "1"]

1. e4 e6 2. d4 d5 3. exd5 exd5 4. Bd3 Bd6 5. Nc3 c6 6. Nge2 Nf6 7. Bg5 Be6 8. Nf4 0-0 9. Nxe6 Re8 10. Qd2 Rxe6+ 11. Ne2 Qb6 12. f3 Nbd7 13. 0-0-0 c5 14. c3 h6 15. Bh4 Rae8 16. Rde1 cxd4 17. Nxd4 Rxe1+ 18. Bxe1 Nh5 19. Ne2 Ne5 20. Bb1 Nc4 21. Qc2 Qe3+ 22. Kd1 Qg5 23. Bd2 Qxg2 24. Qh7+ Kf8 25. Re1 Qxf3 26. Bd3 Nxb2+ 27. Kc2 Nxd3 28. Qxd3 Qxd3+ 29. Kxd3 Bxh2 30. Rb1 b6 31. Nd4 Nf4+ 32. Bxf4 Bxf4 33. Rb5 Re3+ 34. Kc2 Be5 35. Rxd5 Bxd4 36. cxd4 Ke7 37. Rb5 g5 38. Rf5 Ke6 39. Rf2 h5 40. d5+ Kxd5 41. Rxf7 a5 42. Rf5+ Re5 43. Rf6 Kc5 44. Rg6 h4 45. Rh6 Re3 46. Rh5 Rg3 47. Kd2 Kb4 0-1

[Event "Luxembourg-chT 9899"]
[Site "Luxembourg"]
[Date "1998.11.22"]
[Round "4"]
[White "Biwer, Joel"]
[Black "Kries, Yvon"]
[Result "1-0"]
[WhiteElo "1805"]
[BlackElo "1750"]
[PlyCount "97"]
[EventDate "1998.10.08"]
[EventType "team"]
[EventRounds "10"]
[EventCountry "LUX"]
[SourceTitle "EXT 2005"]
[Source "ChessBase"]
[SourceDate "2004.11.15"]
[SourceVersion "1"]
[SourceVersionDate "2004.11.15"]
[SourceQuality "1"]

1. e4 Nf6 2. d3 d5 3. exd5 Nxd5 4. c4 Nf6 5. d4 e6 6. Nf3 c5 7. Nc3 cxd4 8. Qxd4 Qxd4 9. Nxd4 Bc5 10. Ndb5 Na6 11. Bf4 0-0 12. Bd6 Rd8 13. Bxc5 Nxc5 14. b4 Na6 15. a3 b6 16. Be2 Bb7 17. 0-0 Rd7 18. Rfd1 Bc6 19. Rxd7 Nxd7 20. Rd1 Kf8 21. Rd6 Bxb5 22. cxb5 Ke7 23. Rxd7+ Kxd7 24. bxa6 Rc8 25. Nb5 Rc2 26. Bf1 Ra2 27. Nxa7 Rxa3 28. g3 Ra1 29. b5 e5 30. Nc6 f6 31. f3 Kd6 32. Kf2 Ra3 33. a7 f5 34. Bd3 g6 35. g4 Ke6 36. Bc4+ Kd6 37. Bd5 Kxd5 38. Nb4+ Kc5 39. Na6+ Kxb5 40. a8Q Rxa6 41. Qd5+ Kb4 42. gxf5 gxf5 43. Qxe5 Ra5 44. Qe7+ Rc5 45. h4 f4 46. Qxh7 b5 47. h5 Kb3 48. Qb1+ Kc4 49. h6 1-0

[Event "LUX-chABC"]
[Site "Dudelange"]
[Date "1998.04.11"]
[Round "1.4"]
[White "Feller, Joseph"]
[Black "Biwer, Joel"]
[Result "1-0"]
[WhiteElo "2180"]
[BlackElo "1755"]
[PlyCount "53"]
[EventDate "1998.04.11"]
[EventType "swiss"]
[EventRounds "9"]
[EventCountry "LUX"]
[SourceTitle "EXT 2013"]
[Source "ChessBase"]
[SourceDate "2012.11.22"]
[SourceVersion "1"]
[SourceVersionDate "2012.11.22"]
[SourceQuality "1"]

1. e4 e6 2. Nf3 d5 3. Nc3 Nf6 4. e5 Nfd7 5. Ne2 c5 6. c3 Nc6 7. d4 Qc7 8. Ng3 cxd4 9. cxd4 Nb4 10. Bd3 Nxd3+ 11. Qxd3 Bb4+ 12. Bd2 Bxd2+ 13. Qxd2 Qc4 14. Nh5 Rg8 15. b3 Qb5 16. a4 Qxb3 17. 0-0 Qb6 18. Qc2 g6 19. Nf6+ Nxf6 20. exf6 Qd8 21. Rfc1 Bd7 22. Ne5 Rc8 23. Qb3 b6 24. Rxc8 Qxc8 25. Qb4 Qd8 26. Rc1 Bc8 27. Rxc8 1-0

[Event "LUX-chABC"]
[Site "Dudelange"]
[Date "1997.04.06"]
[Round "9.20"]
[White "Nickels, Hinky"]
[Black "Biwer, Joel"]
[Result "1-0"]
[WhiteElo "1880"]
[BlackElo "1730"]
[PlyCount "72"]
[EventDate "1997.03.29"]
[EventType "swiss"]
[EventRounds "9"]
[EventCountry "LUX"]
[SourceTitle "EXT 2013"]
[Source "ChessBase"]
[SourceDate "2012.11.22"]
[SourceVersion "1"]
[SourceVersionDate "2012.11.22"]
[SourceQuality "1"]

1. e4 e6 2. Qe2 c5 3. Nf3 Nc6 4. g3 g6 5. Bg2 Bg7 6. 0-0 Nge7 7. d3 Qb6 8. Nbd2 Qc7 9. Re1 d6 10. c3 b6 11. Nc4 d5 12. exd5 Nxd5 13. Nfe5 Nce7 14. Ne3 Qxe5 15. Nxd5 Qxe2 16. Nc7+ Kd7 17. Rxe2 Rb8 18. Nb5 a6 19. Na3 f6 20. Bf4 e5 21. Rae1 Bb7 22. Bh3+ Kd8 23. d4 g5 24. Bc1 h6 25. dxe5 fxe5 26. Nc4 Ng6 27. Nxb6 Kc7 28. Nd7 Bf3 29. Nxb8 Bxe2 30. Rxe2 Rxb8 31. Be3 Bf8 32. Rd2 Rd8 33. Rxd8 Kxd8 34. Bf1 a5 35. Bd3 Nh8 36. Bc4 Ke7 1-0

[Event "LUX-chABC"]
[Site "Dudelange"]
[Date "1997.04.05"]
[Round "8.33"]
[White "Biwer, Joel"]
[Black "Mendes, Daniel2222"]
[Result "1-0"]
[WhiteElo "1730"]
[BlackElo "1560"]
[PlyCount "105"]
[EventDate "1997.03.29"]
[EventType "swiss"]
[EventRounds "9"]
[EventCountry "LUX"]
[SourceTitle "EXT 2013"]
[Source "ChessBase"]
[SourceDate "2012.11.22"]
[SourceVersion "1"]
[SourceVersionDate "2012.11.22"]
[SourceQuality "1"]

1. e4 d6 2. d4 Nf6 3. Bd3 e5 4. dxe5 dxe5 5. Bg5 Be7 6. Nf3 c6 7. Nbd2 Bg4 8. h3 Bh5 9. 0-0 Nbd7 10. Re1 Qc7 11. Be3 Rd8 12. c3 Nc5 13. Bxc5 Bxc5 14. Qc2 0-0 15. Nb3 Bb6 16. Qe2 Qc8 17. Rad1 c5 18. Nbd2 a6 19. Nc4 Bc7 20. Ne3 b5 21. Nf5 Qe6 22. g4 Nxg4 23. hxg4 Bxg4 24. Ng5 Bxe2 25. Nxe6 Bxd1 26. Nxd8 Rxd8 27. Rxd1 g6 28. Ne7+ Kg7 29. Nd5 Bb8 30. Bc2 h5 31. Ne7 Rxd1+ 32. Bxd1 Kh6 33. Kg2 g5 34. Be2 g4 35. c4 b4 36. Kg3 Kg5 37. Nf5 Bc7 38. Bd1 a5 39. Ba4 Bd8 40. Be8 f6 41. f3 gxf3 42. Kxf3 h4 43. Nd6 Bc7 44. Nf7+ Kg6 45. Nxe5+ Kg5 46. Nd3 h3 47. Nxc5 h2 48. Kg2 f5 49. Ne6+ Kf6 50. Nxc7 fxe4 51. Kxh2 e3 52. Bh5 Ke5 53. Nb5 1-0

[Event "LUX-chABC"]
[Site "Dudelange"]
[Date "1997.04.03"]
[Round "6.32"]
[White "Biwer, Joel"]
[Black "Birtz, Claude"]
[Result "1/2-1/2"]
[WhiteElo "1730"]
[BlackElo "1600"]
[PlyCount "57"]
[EventDate "1997.03.29"]
[EventType "swiss"]
[EventRounds "9"]
[EventCountry "LUX"]
[SourceTitle "EXT 2013"]
[Source "ChessBase"]
[SourceDate "2012.11.22"]
[SourceVersion "1"]
[SourceVersionDate "2012.11.22"]
[SourceQuality "1"]

1. e4 c5 2. Nc3 Nc6 3. g3 g6 4. Bg2 Bg7 5. d3 e6 6. f4 d6 7. Nf3 Nge7 8. 0-0 0-0 9. Bd2 Rb8 10. Rb1 b5 11. a3 a5 12. b3 Ba6 13. Ne2 b4 14. Bc1 Qb6 15. Kh1 Rfc8 16. a4 h6 17. Bb2 Rf8 18. g4 f5 19. gxf5 exf5 20. Bxg7 Kxg7 21. Nh4 Bb7 22. exf5 Nxf5 23. Nxf5+ Rxf5 24. Ng3 Rf7 25. Qd2 Ne7 26. Bxb7 Qxb7+ 27. Ne4 Nf5 28. Kg1 Qc7 29. c3 1/2-1/2